| 000 | 00891nam a22002897a 4500 | ||
|---|---|---|---|
| 003 | CHAP | ||
| 005 | 20220817041737.0 | ||
| 008 | 971013s1988 r 00010 d | ||
| 010 | _a23147 | ||
| 011 | _a24119 | ||
| 035 | _a28218 | ||
| 040 | _cCHAP | ||
| 082 |
_a621.393 _bG8 1988 |
||
| 100 | 0 | 0 |
_aGustafson, Robert J. _951580 |
| 245 | _aFundamentals of electricity for agriculture | ||
| 250 | _a2 ed. | ||
| 260 |
_aSt. Joseph, Mich. : _bAmerican Society of Agricultural Engineers, _c1988 |
||
| 300 |
_a411 p. _b: ilus. |
||
| 490 |
_aASAE. Textbook _v; 2 |
||
| 590 |
_aBATCH-UPD _b10 _c20130110 _lUCH01 _h1848 |
||
| 590 |
_aCONVERSION _b10 _c20130109 _lUCH01 _h1314 |
||
| 650 | 1 | 4 |
_aElectricidad en agricultura. _936225 |
| 830 | 0 |
_aASAE Textbook _v; 2 |
|
| 901 | _aBK | ||
| 942 | _cLIBRO | ||
| 949 |
_a621.393 G8 1988 _bBC _cLIBRO _d33724000016374 _eLIBRO _gI.174062 _h87652 _i28218 _si _t147.46 |
||
| 999 |
_c23147 _d23147 |
||